|
|
|
|
| LEADER |
00860nam a2200229 a 4500 |
| 001 |
GR-MES1447 |
| 008 |
991111s1987 enk 000 b eng d |
| 040 |
|
|
|a GrPaTEI
|b gre
|c GR-PaULI
|
| 245 |
0 |
0 |
|a Mathematics for business and economics.
|
| 260 |
|
|
|a London :
|b McGraw-Hill,
|c 1987
|
| 300 |
|
|
|a 534σ.
|
| 500 |
|
|
|a Περιλαμβάνει ευρετήρια.
|
| 650 |
|
4 |
|a ΕΠΙΧΕΙΡΗΣΙΑΚΑ ΜΑΘΗΜΑΤΙΚΑ
|
| 650 |
|
4 |
|a Οικονομικά μαθηματικά
|
| 700 |
1 |
|
|a Gupta, J.
|
| 700 |
1 |
|
|a Gupta, P.
|
| 700 |
1 |
|
|a Mohan, Man
|
| 710 |
0 |
|
|a McGraw-Hill
|
| 942 |
|
|
|2 ddc
|
| 952 |
|
|
|0 0
|1 0
|2 ddc
|4 0
|6 330_015000000000000_1_GUP
|7 0
|9 265646
|a MSLG
|b MSLG
|c BSC
|d 2021-01-17
|e 24
|f 0
|g 0.00
|l 0
|o 330.015 1 GUP
|p 2420000002652
|r 2021-01-17 00:00:00
|t 1
|w 2021-01-17
|y BK15
|x 19991111 0 1
|x GrPaTEI
|
| 971 |
|
|
|a .b25724897
|b 15-04-20
|c 13-09-16
|
| 999 |
|
|
|c 152695
|d 152695
|